000 00715nam a2200217Ia 4500
003 OSt
005 20240923152040.0
008 220927b |||||||| |||| 00| 0 eng d
020 _cUSD 190.00
_a9781632409430
037 _b084, 12/03/2020, Kiran Book Service
_cTextual
040 _aSDCL
_cSDCL
_beng
041 _2eng
_aeng
082 _aY:1.1'P R0
100 _aPowers, Mila Ed.
_9433879
245 0 _aCultural heritage :
_bRestoration and conservation /
260 _aNew York :
_b Clanrye International,
_c2020.
300 _avii,202p.
650 _aSanskrit
_9391587
942 _hY:1.1'P R0
_cTEXL
_2CC
999 _c750286
_d750286